[Event "Regionalliga SW 9900"]
[Site "Bayern"]
[Date "2000.??.??"]
[Round "5.5"]
[White "Blosze, Erik"]
[Black "Lechner, Marco"]
[Result "1-0"]
[WhiteElo "2005"]
[BlackElo "1795"]
[PlyCount "93"]
[EventDate "1999.??.??"]
[EventType "team-tourn"]
[EventRounds "9"]
[EventCountry "GER"]
[SourceTitle "EXT 2020"]
[Source "ChessBase"]
[SourceDate "2019.10.17"]
[SourceVersion "1"]
[SourceVersionDate "2019.10.17"]
[SourceQuality "1"]
[WhiteTeam "Pasing II"]
[BlackTeam "Noerdlingen"]
[WhiteTeamCountry "GER"]
[BlackTeamCountry "GER"]

1. f4 d5 2. Nf3 Nf6 3. g3 g6 4. Bg2 Bg7 5. 0-0 0-0 6. d3 Re8 7. c3 c5 8. Qe1 Nc6 9. Qf2 Qd6 10. h3 d4 11. cxd4 cxd4 12. Na3 Nd7 13. Nb5 Qb8 14. f5 gxf5 15. Nfxd4 Nxd4 16. Nxd4 Bxd4 17. Qxd4 Qe5 18. Qxe5 Nxe5 19. Be3 a5 20. Rac1 Ra6 21. Rc7 Nc6 22. Rc1 Be6 23. Rxb7 Nb4 24. a3 Nd5 25. Bd2 a4 26. Rc5 Rd8 27. Bxd5 Rxd5 28. Rxd5 Bxd5 29. Rxe7 Kg7 30. Bc3+ Kg6 31. Re8 f6 32. Kf2 Re6 33. Rg8+ Kf7 34. Rd8 Bc6 35. Rc8 Kg6 36. Rc7 h5 37. h4 Bd5 38. Bb4 Rc6 39. Ra7 Bb3 40. Bf8 f4 41. gxf4 Kf5 42. Kf3 Bd1 43. Ra5+ Kg6 44. f5+ Kf7 45. Bc5 Rc8 46. Ra7+ Ke8 47. d4 1-0

[Event "Regionalliga SW 9900"]
[Site "Bayern"]
[Date "2000.??.??"]
[Round "9.5"]
[White "Lechner, Marco"]
[Black "Jermann, Frank"]
[Result "0-1"]
[WhiteElo "1805"]
[BlackElo "2045"]
[PlyCount "46"]
[EventDate "1999.??.??"]
[EventType "team-tourn"]
[EventRounds "9"]
[EventCountry "GER"]
[SourceTitle "EXT 2020"]
[Source "ChessBase"]
[SourceDate "2019.10.17"]
[SourceVersion "1"]
[SourceVersionDate "2019.10.17"]
[SourceQuality "1"]
[WhiteTeam "Noerdlingen"]
[BlackTeam "Muenchen Suedost"]
[WhiteTeamCountry "GER"]
[BlackTeamCountry "GER"]

1. d4 d5 2. c4 e6 3. Nf3 c5 4. cxd5 exd5 5. Nc3 Nc6 6. Be3 c4 7. Bg5 Be7 8. Bxe7 Ngxe7 9. e4 dxe4 10. Nxe4 Be6 11. Rc1 Qa5+ 12. Qd2 Rd8 13. Bxc4 Bxc4 14. Rxc4 Qxa2 15. Rc1 Qe6 16. Nfg5 Qd5 17. Rd1 h6 18. Nf6+ gxf6 19. Nf3 Rg8 20. Qxh6 Rxg2 21. Qxf6 Rd6 22. Qh8+ Rg8 23. Qh3 Re6+ 0-1

[Event "Regionalliga SW 9900"]
[Site "Bayern"]
[Date "2000.??.??"]
[Round "7.6"]
[White "Weissenburger, Josef"]
[Black "Lechner, Marco"]
[Result "0-1"]
[WhiteElo "1960"]
[BlackElo "1805"]
[PlyCount "92"]
[EventDate "1999.??.??"]
[EventType "team-tourn"]
[EventRounds "9"]
[EventCountry "GER"]
[SourceTitle "EXT 2020"]
[Source "ChessBase"]
[SourceDate "2019.10.17"]
[SourceVersion "1"]
[SourceVersionDate "2019.10.17"]
[SourceQuality "1"]
[WhiteTeam "Lauingen"]
[BlackTeam "Noerdlingen"]
[WhiteTeamCountry "GER"]
[BlackTeamCountry "GER"]

1. e4 e6 2. d4 d5 3. e5 b6 4. Nf3 Qd7 5. Be2 Ba6 6. 0-0 c5 7. c3 Bxe2 8. Qxe2 Nc6 9. Nbd2 Nge7 10. Rd1 cxd4 11. cxd4 Rc8 12. a3 Na5 13. b4 Nc4 14. a4 Ng6 15. b5 Be7 16. Nf1 0-0 17. Ra2 f6 18. exf6 gxf6 19. Qd3 e5 20. dxe5 Ncxe5 21. Nxe5 fxe5 22. Bh6 Rfd8 23. Ne3 d4 24. Nf5 Bf6 25. Ra3 Qd5 26. f3 Qc4 27. g3 Qxd3 28. Rdxd3 Ne7 29. Nxe7+ Bxe7 30. Ra2 Kf7 31. Bd2 Rc4 32. a5 bxa5 33. Rxa5 Bc5 34. Kf1 Rc2 35. Ke1 Rb2 36. b6 axb6 37. Ra7+ Kg6 38. h4 h5 39. g4 hxg4 40. fxg4 e4 41. h5+ Kf6 42. Rg3 e3 43. g5+ Kf5 44. Bxe3 dxe3 45. Ra1 Bb4+ 46. Kf1 e2+ 0-1